|
|
|
|
| LEADER |
01432nam a2200433 a 4500 |
| 001 |
nkc20142584066 |
| 003 |
CZ PrNK |
| 005 |
20140613142134.0 |
| 007 |
ta |
| 008 |
140410s2014 xr c 000 f cze |
| 015 |
|
|
|a cnb002584066
|
| 020 |
|
|
|a 978-80-257-1085-2
|q (váz.)
|
| 035 |
|
|
|a (OCoLC)883371755
|
| 040 |
|
|
|a OLA001
|b cze
|
| 041 |
1 |
|
|a cze
|h eng
|
| 072 |
|
7 |
|a 821.111-3
|x Anglická próza, anglicky psaná
|2 Konspekt
|9 25
|
| 072 |
|
7 |
|a 821-93
|x Literatura pro děti a mládež (beletrie)
|2 Konspekt
|9 26
|
| 080 |
|
|
|a 821.111-31
|2 MRF
|
| 080 |
|
|
|a 821-93
|2 MRF
|
| 080 |
|
|
|a (0:82-312.9)
|2 MRF
|
| 100 |
1 |
|
|a Priestley, Chris,
|d 1958-
|7 xx0135731
|4 aut
|
| 245 |
1 |
0 |
|a Pan Krátur /
|c Chris Priestley ; [přeložil Robert Novotný]
|
| 250 |
|
|
|a Vyd. 1.
|
| 260 |
|
|
|a Praha :
|b Argo,
|c 2014
|
| 300 |
|
|
|a 341 s. ;
|c 21 cm
|
| 500 |
|
|
|a Přeloženo z angličtiny
|
| 521 |
8 |
|
|a Pro čtenáře od 11 let
|
| 655 |
|
7 |
|a anglické romány
|7 fd131814
|2 czenas
|
| 655 |
|
7 |
|a fantasy romány
|7 fd184199
|2 czenas
|
| 655 |
|
7 |
|a publikace pro děti
|7 fd133156
|2 czenas
|
| 655 |
|
9 |
|a English fiction
|2 eczenas
|
| 655 |
|
9 |
|a fantasy novels
|2 eczenas
|
| 655 |
|
9 |
|a children's literature
|2 eczenas
|
| 765 |
0 |
|
|t Mister Creecher
|9 Česky
|
| 910 |
2 |
|
|a BOA001
|b 2-1325.439
|
| 990 |
|
|
|a BK
|
| 995 |
|
|
|a 01
|
| 991 |
|
|
|b 201404
|c NOV
|e db
|
| 996 |
6 |
|
|b 2610588233
|c 2-1325.439
|l MZK
|r Sklad / do 1 hodiny
|n 0
|p p.v.
|w 001415873
|u 000010
|a 1
|e BOA001
|j MZK50
|s P
|